Responses for show #7185 - Friday, December 4, 2015

Contestants

Jon Rossiter, a college geography instructor from San Diego, California

Alexandra Whitehill Smith, an administrative assistant from Columbia, South Carolina

Kelly Wright, a cataloging specialist from Rocky Ridge, Maryland (whose 1-day cash winnings total $6,700)

Jeopardy! Round responses

CLASSICAL REGGAE, MON
SUPREME COURT INITIALS
GARDENS
THAT WAS ON TV
WILL YOU REMEMBER ME?
"IFY" SEE YOU AGAIN
    $200 19
Beethoven

Jon
    $200 10
Ruth Bader Ginsburg

Jon
    $200 25
(Alex: Yes, we have less than a minute now.)

Versailles

Kelly
    $200 1
Dana Carvey

Kelly
    $200 6
an icebox

Alexandra
    $200 14
verify

Kelly
    $400 22
Johann Strauss

Triple Stumper
    $400 11
Oliver Wendell Holmes

Jon
    $400 26
Yves Saint Laurent

Alexandra
    $400 2
Mark Twain

Jon
    $400 7
a grandfather clock

Jon
    $400 15
testify

Alexandra
    $600 23
Handel

Jon
    $600 12
William Howard Taft

Alexandra
    $600 27
moss

Triple Stumper
    $600 3
Frasier

Kelly
    $600 8
beepers (or pagers)

Kelly
    $600 16
gentrify

Alexandra
    $800 24
(Johannes) Brahms

Alexandra
    $800 20
John Paul Stevens

Jon
    $800 28
Kew Gardens

Jon
    $800 4
Heroes

Kelly
    $800 9
carbon copy

Jon
    $800 17
(Alexandra: What is sanctify?)
(Jon: Uh, what is beautify or [*]?)

beatify

AlexandraJon
    $1000 21
Charles Evans Hughes

Triple Stumper
    $2,000 29
(Jon: What is a peacock?)
[The end-of-round signal sounds.]

a rooster

Jon
    $1000 5
Gilligan's Island

Alexandra
    $1000 13
(Kelly: What is cathode radio tube?)

cathode ray tube

Kelly
Triple Stumper
    $1000 18
(Kelly: What is pac--[realizing "pacify" was in the clue] pacify. Yeah.)

mollify

KellyAlexandra

Scores at the first commercial break (after clue 15):

Kelly Alexandra Jon
$1,400 $2,200 $2,200

Scores at the end of the Jeopardy! Round:

Kelly Alexandra Jon
$600 $4,200 $3,400

Double Jeopardy! Round responses

ART & HISTORY
ALTERNATIVE MEDICINE
PUBLISHED POSTHUMOUSLY
COLORFUL EXPRESSIONS
MOVIEGO"ING"
CANADIAN LANDMARKS
    $400 21
the Alps

Kelly
    $400 25
(Alex: You got it with less than a minute now.)

meditation

Alexandra
    $400 12
(Vladimir) Nabokov

Kelly
    $400 6
white collar

Jon
    $400 1
Finding Nemo

Alexandra
    $400 7
Alberta

Kelly
    $800 22
Warsaw

Jon
    $800 27
energy

Alexandra
    $800 13
Dr. Seuss

Alexandra
    $1,000 17
grey matter

Kelly
    $800 2
Raging Bull

Kelly
    $800 8
the CN Tower

Jon
    $1200 23
Goya

Jon
    $1200 28
aura

Alexandra
    $1200 14
(Stieg) Larsson

Alexandra
    $1200 18
(Alex: [*], the [*] flag, [*] claw, yes.)

red

Alexandra
    $1200 3
Romancing the Stone

Kelly
    $1200 9
(Kelly: What is Windsor?)
...
(Alex: Once the Nickel Capital of the World, my hometown [*]. Jon, back to you.)

Sudbury, Northern Ontario

Kelly
Triple Stumper
    $1600 24
(Jean-Paul) Marat

Alexandra
    $1600 29
[The end-of-round signal sounds.]

homeopathic

Alexandra
    $1600 15
David Foster Wallace

Jon
    $1600 19
brown'n serve

Jon
    $1600 4
Staying Alive

Kelly
    $3,000 10
(Jon: What is the Hudson Bay?)

the Bay of Fundy

Jon
    $2000 26
(Kelly: What is Long Island?)

the Battle of Princeton

Kelly
Triple Stumper
    $2000 16
(Franz) Kafka

Kelly
    $2000 20
a greenbelt

Jon
    $2000 5
Walking Tall

Kelly
    $2000 11
(Jon: Who is Paul Shaffer?)
...
(Alex: Used to be very prominent at New Year's Eve parties--[*] and his Royal Canadians. They play "Auld Lang Syne".)

Guy Lombardo

Jon
Triple Stumper

Scores at the end of the Double Jeopardy! Round:

Kelly Alexandra Jon
$7,200 $13,400 $6,800

[wagering suggestions for these scores]

Final Jeopardy! Round responses

RELIGION IN AMERICA
(Alex: [To Alexandra] What were you going for--for Quakers?)
(Alexandra: I tried to put down Quakers.)
JonWhat are Lutherans?
$6,800
KellyWhat is Lakota?
$7,100
AlexandraWhat are is Quak
$2,001
Lutherans

Final scores:

Kelly Alexandra Jon
$100 $11,399 $13,600
3rd place: $1,000 2nd place: $2,000 New champion: $13,600

Game dynamics:

Coryat scores:

Kelly Alexandra Jon
$7,000 $13,400 $11,800
15 R
(including 1 DD),
4 W
17 R,
1 W
17 R,
3 W
(including 2 DDs)

Combined Coryat: $32,200

The J! Archive is created by fans, for fans. The Jeopardy! game show and all elements thereof, including but not limited to copyright and trademark thereto, are the property of Jeopardy Productions, Inc. and are protected under law. This website is not affiliated with, sponsored by, or operated by Jeopardy Productions, Inc. Join the discussion at JBoard.tv.